Lịch sử thương nhân
Сохранить в:
| Главный автор: | |
|---|---|
| Формат: | |
| Язык: | Undetermined |
| Опубликовано: |
Thành phố Hồ Chí Minh
Trẻ
2001
|
| Предметы: | |
| Метки: |
Добавить метку
Нет меток, Требуется 1-ая метка записи!
|
| Thư viện lưu trữ: | Trung tâm Học liệu Trường Đại học Cần Thơ |
|---|
| LEADER | 00592nam a2200193Ia 4500 | ||
|---|---|---|---|
| 001 | CTU_43724 | ||
| 008 | 210402s9999 xx 000 0 und d | ||
| 020 | |c 35500 | ||
| 082 | |a 338.09 | ||
| 082 | |b Ng527 | ||
| 100 | |a Điền, Triệu Nguyên | ||
| 245 | 0 | |a Lịch sử thương nhân | |
| 245 | 0 | |c Điền Triệu Nguyên, Điền Lượng; Cao Tự Thanh dịch | |
| 260 | |a Thành phố Hồ Chí Minh | ||
| 260 | |b Trẻ | ||
| 260 | |c 2001 | ||
| 650 | |a Social groups | ||
| 904 | |i Minh, Nguyên | ||
| 980 | |a Trung tâm Học liệu Trường Đại học Cần Thơ | ||